[Event "2BLN 1920 SV Werder Bremen II - SG AE M"]
[Site "?"]
[Date "2021.08.08"]
[Round "10.2"]
[White "Reuker, Jari"]
[Black "Roseneck, Jonas"]
[Result "1/2-1/2"]
[WhiteElo "2404"]
[BlackElo "2401"]
[PlyCount "195"]
[EventDate "2021.??.??"]

1. c4 Nf6 2. Nf3 g6 3. Nc3 d5 4. cxd5 Nxd5 5. h4 Nxc3 6. bxc3 Bg7 7. e3 c5 8.
Rb1 Nc6 9. d4 O-O 10. Qb3 Bf5 11. Rb2 cxd4 12. exd4 e5 13. d5 Na5 14. Qa4 Rc8
15. Bd2 a6 16. d6 b5 17. Qa3 h6 18. Be3 Be6 19. Rd2 Rc6 20. d7 Bxd7 21. Rxd7
Qxd7 22. Qxa5 f5 23. a4 f4 24. axb5 axb5 25. Bd2 e4 26. Nd4 Bxd4 27. cxd4 Qxd4
28. Qa2+ Kh7 29. Bxb5 Rd6 30. Qc2 Rf7 31. h5 e3 32. hxg6+ Rxg6 33. fxe3 fxe3
34. Bc3 Qg4 35. Bd3 Qg3+ 36. Kd1 e2+ 37. Qxe2 Rd7 38. Rh3 Rxd3+ 39. Qxd3 Qxd3+
40. Rxd3 Rxg2 41. Rd7+ Kg8 42. Ke1 h5 43. Kf1 Rc2 44. Be5 h4 45. Rg7+ Kf8 46.
Rh7 h3 47. Rxh3 Ke7 48. Rh6 Kd7 49. Bd4 Rc6 50. Rh7+ Ke6 51. Ke2 Kd5 52. Kd3
Rb6 53. Rd7+ Rd6 54. Rf7 Rh6 55. Rf5+ Ke6 56. Ra5 Rh3+ 57. Kc4 Rh1 58. Ra6+ Kf5
59. Kd5 Re1 60. Rf6+ Kg4 61. Rf8 Kg5 62. Rf2 Kg4 63. Bc3 Re3 64. Be5 Re1 65.
Bf4 Ra1 66. Be3 Ra4 67. Bd4 Kg5 68. Ke4 Kg6 69. Rf6+ Kg5 70. Rc6 Rb4 71. Rc7
Ra4 72. Rg7+ Kh4 73. Rg8 Rb4 74. Ke5 Kh3 75. Be3 Rg4 76. Rf8 Kg3 77. Bf4+ Kf3
78. Bh6+ Ke2 79. Rd8 Ra4 80. Rd5 Rh4 81. Bg5 Ra4 82. Bf4 Kf3 83. Rd3+ Ke2 84.
Re3+ Kf2 85. Rb3 Ra5+ 86. Ke4 Ra4+ 87. Kf5 Ra8 88. Be3+ Ke2 89. Bd4 Re8 90. Be5
Re7 91. Kf4 Rf7+ 92. Ke4 Re7 93. Rb6 Re8 94. Rb2+ Ke1 95. Rh2 Re7 96. Kf4 Kd1
97. Ke4 Ke1 98. Kf4 {(=)} 1/2-1/2

[Event "2BLN 1920 SV Werder Bremen II - SG AE M"]
[Site "?"]
[Date "2021.08.08"]
[Round "10.3"]
[White "Woellermann, Jan"]
[Black "Zumsande, Martin"]
[Result "1/2-1/2"]
[WhiteElo "2353"]
[BlackElo "2465"]
[PlyCount "34"]
[EventDate "2021.??.??"]

1. d4 d5 2. c4 e6 3. Nf3 Nf6 4. g3 dxc4 5. Qa4+ Nbd7 6. Qxc4 a6 7. Bg2 b5 8.
Qb3 Bb7 9. a4 c5 10. axb5 axb5 11. Rxa8 Qxa8 12. O-O cxd4 13. Qxb5 Bc5 14. Bg5
Bc6 15. Qc4 Bd5 16. Qb5 Bc6 17. Qc4 Bd5 1/2-1/2

[Event "2BLN 1920 SV Werder Bremen II - SG AE M"]
[Site "?"]
[Date "2021.08.08"]
[Round "10.4"]
[White "Meins, Gerlef"]
[Black "Andre, Gordon"]
[Result "1/2-1/2"]
[WhiteElo "2423"]
[BlackElo "2363"]
[PlyCount "52"]
[EventDate "2021.??.??"]

1. Nf3 d5 2. c4 e6 3. g3 Nf6 4. Bg2 Be7 5. O-O O-O 6. d4 dxc4 7. Qc2 a6 8. a4
Bd7 9. Qxc4 Bc6 10. Bg5 h6 11. Bxf6 Bxf6 12. Nc3 Bxf3 13. Bxf3 c6 14. e3 a5 15.
b4 axb4 16. Qxb4 Ra7 17. Rfb1 Nd7 18. a5 Be7 19. Qc4 Qc8 20. a6 bxa6 21. Na4 c5
22. Nxc5 Bxc5 23. Rc1 Rc7 24. dxc5 Ne5 25. Qe2 Rxc5 26. Rxc5 Nxf3+ 1/2-1/2

[Event "2BLN 1920 SV Werder Bremen II - SG AE M"]
[Site "?"]
[Date "2021.08.08"]
[Round "10.5"]
[White "Paul, Johannes"]
[Black "Joachim, Sven"]
[Result "0-1"]
[WhiteElo "2320"]
[BlackElo "2388"]
[PlyCount "56"]
[EventDate "2021.??.??"]

1. d4 Nf6 2. c4 e6 3. Nf3 d5 4. g3 Bb4+ 5. Bd2 Be7 6. Bg2 O-O 7. O-O Nbd7 8.
Qc2 c6 9. Rc1 b6 10. a4 Bb7 11. cxd5 cxd5 12. a5 Rc8 13. Qb3 Rxc1+ 14. Bxc1 a6
15. axb6 Qxb6 16. Qa4 Rc8 17. Nc3 Bd6 18. e3 h6 19. Bf1 e5 20. Qa2 exd4 21.
exd4 Ne4 22. Be3 Nxc3 23. bxc3 Rxc3 24. Rb1 Qc6 25. Qb2 Bc8 26. Kg2 Nf6 27. Qa2
Bf5 28. Rb2 Ra3 0-1

[Event "2BLN 1920 SV Werder Bremen II - SG AE M"]
[Site "?"]
[Date "2021.08.08"]
[Round "10.6"]
[White "Richter, Christian"]
[Black "Melamed, Tatjana"]
[Result "1/2-1/2"]
[WhiteElo "2348"]
[BlackElo "2336"]
[PlyCount "77"]
[EventDate "2021.??.??"]

1. d4 Nf6 2. Nf3 e6 3. c4 b6 4. g3 Ba6 5. Qa4 Bb7 6. Bg2 c5 7. O-O cxd4 8. Nxd4
Bxg2 9. Kxg2 Be7 10. Nc3 O-O 11. Rd1 Qc7 12. Bg5 a6 13. Ne4 Nxe4 14. Bxe7 Rc8
15. Ba3 d6 16. f3 Nc5 17. Qc2 Nc6 18. Nxc6 Qxc6 19. Rd4 e5 20. Rd5 Nb7 21. Rad1
b5 22. Bxd6 Nxd6 23. Rxd6 Qxc4 24. Qd2 h6 25. b3 Qc5 26. Qd3 Rc6 27. Rd5 Qe7
28. Qe4 Re8 29. Rxb5 Qe6 30. Ra5 f5 31. Qd5 Rc2 32. Qd3 Rc6 33. Qe3 e4 34. f4
Rec8 35. Re5 Qg6 36. Qd4 Rc2 37. Rd2 Kh7 38. Rd5 R8c3 39. Qe5 {(=)} 1/2-1/2

[Event "2BLN 1920 SV Werder Bremen II - SG AE M"]
[Site "?"]
[Date "2021.08.08"]
[Round "10.7"]
[White "Merkert, Maximilian"]
[Black "Kardoeus, David"]
[Result "1/2-1/2"]
[WhiteElo "2212"]
[BlackElo "2188"]
[PlyCount "100"]
[EventDate "2021.??.??"]

1. c4 e5 2. g3 Nf6 3. Bg2 Nc6 4. Nc3 Bb4 5. Nd5 Bc5 6. e3 O-O 7. Ne2 d6 8. O-O
Nxd5 9. cxd5 Ne7 10. d4 Bb6 11. dxe5 dxe5 12. Nc3 Qd6 13. a4 a6 14. a5 Ba7 15.
b3 Rd8 16. Ba3 Qd7 17. Qc2 Qe8 18. Rfd1 Bf5 19. Qb2 Rd7 20. Na4 e4 21. d6 cxd6
22. Rxd6 Rxd6 23. Bxd6 Nc6 24. Nb6 Rd8 25. Nc4 Qe6 26. Qa3 Bg4 27. Bf1 Bf3 28.
h3 h5 29. h4 Kh7 30. Ra2 Bb8 31. Rd2 Bxd6 32. Rxd6 Rxd6 33. Qxd6 Qxd6 34. Nxd6
Nxa5 35. b4 Nc6 36. b5 axb5 37. Bxb5 Nd8 38. Bc4 Kg6 39. Bd5 Kf6 40. Nxb7 Ne6
41. Bxe6 Kxe6 42. Nd8+ Ke7 43. Nc6+ Kd6 44. Nd4 Bg4 45. Kg2 Ke5 46. Kf1 f6 47.
Ke1 Kd5 48. Kd2 Kc4 49. Kc2 Bd7 50. Ne2 Bg4 {(=)} 1/2-1/2

[Event "2BLN 1920 SV Werder Bremen II - SG AE M"]
[Site "?"]
[Date "2021.08.08"]
[Round "10.8"]
[White "Heldt, Nils-Lennart"]
[Black "Schoene, Maria"]
[Result "0-1"]
[WhiteElo "2072"]
[BlackElo "2204"]
[PlyCount "59"]
[EventDate "2021.??.??"]

1. d4 Nf6 2. c4 g6 3. Nc3 Bg7 4. e4 d6 5. Nf3 O-O 6. Be2 e5 7. O-O Nc6 8. d5
Ne7 9. Ne1 Nd7 10. Be3 f5 11. f3 f4 12. Bf2 h5 13. Rc1 g5 14. c5 Nf6 15. cxd6
cxd6 16. Nb5 Ne8 17. Nxa7 Bd7 18. Qb3 Kh8 19. Bb6 Qb8 20. Nb5 Nc8 21. Bf2 Bf6
22. Nc3 Bd8 23. Bb5 Nb6 24. Kh1 Nf6 25. Bxd7 Nbxd7 26. Nd3 g4 27. Nb5 Rg8 28.
Qc3 g3 29. Bg1 gxh2 30. Bxh2 Ba5 31. b4 Bb6 32. Rc2 Qf8 33. Nxf4 exf4 34. Bxf4
Kh7 35. Bxd6 Qh6 36. Qd3 Rg6 37. Bh2 Rf8 38. e5 Ng4 39. fxg4 Nxe5 40. Qe2 hxg4
41. Rxf8 Qxf8 42. Bxe5 Rh6+ 43. Bh2 Rxh2+ 44. Kxh2 Qf4+ 0-1

[Event "2BLN 1920 SF Berlin II - SV Glückauf R"]
[Site "?"]
[Date "2021.08.08"]
[Round "10.1"]
[White "Kanarek, Marcel"]
[Black "Lauber, Arnd"]
[Result "0-1"]
[WhiteElo "2487"]
[BlackElo "2405"]
[PlyCount "94"]
[EventDate "2021.??.??"]

1. e4 c6 2. d4 d5 3. Nc3 dxe4 4. Nxe4 Bf5 5. Ng3 Bg6 6. h4 h6 7. Nf3 e6 8. Ne5
Bh7 9. Bd3 Bxd3 10. Qxd3 Nd7 11. f4 Bb4+ 12. c3 Bd6 13. Ne4 Bc7 14. Qg3 Ngf6
15. Qxg7 Rh7 16. Nxf6+ Nxf6 17. Qg3 Qd5 18. Qf3 Ke7 19. Qxd5 exd5 20. f5 Rg8
21. O-O Ne4 22. Bf4 Rhg7 23. g3 Bxe5 24. dxe5 Rg4 25. Rf3 Nxg3 26. Bxg3 Rxg3+
27. Rxg3 Rxg3+ 28. Kf2 Rg4 29. Kf3 Re4 30. Rg1 Rxe5 31. Kg4 Kf6 32. Kh5 Re8 33.
Rg2 c5 34. Rd2 Rd8 35. b4 cxb4 36. cxb4 d4 37. Kg4 d3 38. Kf4 Rd4+ 39. Ke3 Rxh4
40. Kxd3 Rxb4 41. Kc3 Rb6 42. Rd7 h5 43. a4 h4 44. a5 Rb5 45. a6 bxa6 46. Rd6+
Kxf5 47. Rxa6 Rb7 0-1

[Event "2BLN 1920 SF Berlin II - SV Glückauf R"]
[Site "?"]
[Date "2021.08.08"]
[Round "10.2"]
[White "Schmidek, Emil"]
[Black "Leniart, Arkadiusz"]
[Result "0-1"]
[WhiteElo "2402"]
[BlackElo "2493"]
[PlyCount "132"]
[EventDate "2021.??.??"]

1. d4 Nf6 2. c4 e6 3. Nc3 Bb4 4. e3 O-O 5. Nge2 d5 6. a3 Be7 7. cxd5 exd5 8. g3
Nbd7 9. Bg2 Nb6 10. O-O Re8 11. b3 Bf8 12. a4 a5 13. f3 c5 14. dxc5 Bxc5 15.
Qd3 Nbd7 16. Nd4 Ne5 17. Qc2 Qb6 18. Nce2 Nc6 19. Rd1 Bd7 20. Qd3 Nb4 21. Qd2
Re7 22. Qc3 Rc8 23. Bd2 Qd8 24. Qb2 Qe8 25. Kf1 Rc7 26. Rab1 Bb6 27. Bxb4 axb4
28. Qd2 Rxe3 29. Qxb4 Bc5 30. Qd2 h5 31. Rbc1 Qe7 32. Rc3 Rxc3 33. Qxc3 h4 34.
Kf2 Bb6 35. Qe3 Qd6 36. Rc1 Ng4+ 37. fxg4 Qf6+ 38. Bf3 Rxc1 39. Qxc1 Bxd4+ 40.
Nxd4 Qxd4+ 41. Qe3 Qb2+ 42. Kg1 Bc6 43. Qb6 Qf6 44. Kg2 hxg3 45. hxg3 g6 46. a5
Qb2+ 47. Kh3 Qc3 48. Kg2 Qc2+ 49. Kh3 Qd3 50. Bg2 Kg7 51. a6 Qxa6 52. Qd4+ f6
53. Bxd5 Qf1+ 54. Kh2 Qe2+ 55. Kh3 Qe5 56. Qxe5 fxe5 57. Bc4 Kf6 58. b4 Bf3 59.
Kh4 g5+ 60. Kh5 b6 61. Bb5 Bd5 62. Bf1 Bf7+ 63. Kh6 e4 64. Bg2 Bd5 65. Bf1 Bb3
66. Bb5 Bc2 0-1

[Event "2BLN 1920 SF Berlin II - SV Glückauf R"]
[Site "?"]
[Date "2021.08.08"]
[Round "10.3"]
[White "Steczek, Marcin"]
[Black "Polzin, Rainer"]
[Result "1-0"]
[WhiteElo "2358"]
[BlackElo "2399"]
[PlyCount "111"]
[EventDate "2021.??.??"]

1. Nf3 Nf6 2. b3 d6 3. e3 e5 4. d4 Nbd7 5. Bb2 e4 6. Nfd2 g6 7. c4 c6 8. Nc3 d5
9. Qc1 a6 10. a4 Bb4 11. Ba3 Qa5 12. Bxb4 Qxb4 13. a5 Qd6 14. Qa3 Qxa3 15. Rxa3
O-O 16. Be2 Re8 17. O-O Nf8 18. cxd5 cxd5 19. b4 Bd7 20. Nb3 Ne6 21. Nc5 Bc6
22. Rb1 Rec8 23. h3 h5 24. N3a4 Bxa4 25. Rxa4 Rc7 26. Ra2 Kf8 27. Bd1 Ke7 28.
Bb3 Rd8 29. Rc2 Rdc8 30. Rbc1 Nd8 31. Ba4 Kd6 32. Kf1 Ke7 33. Rb1 Ne6 34. Ke1
h4 35. Rbc1 Nd8 36. Kd2 Kd6 37. Rb1 Ke7 38. Rcb2 Ra8 39. Bd1 Ne6 40. Be2 Kd6
41. Na4 Nd8 42. Ra2 Nd7 43. b5 Rcc8 44. Nc3 Nf6 45. Rab2 axb5 46. Rxb5 Rc6 47.
Ra1 Rac8 48. Ra3 Ke6 49. f3 R8c7 50. Bd1 exf3 51. gxf3 Kd6 52. Rb2 Ke7 53. Rb5
Kd6 54. Ba4 Ke6 55. e4 Ke7 56. e5 1-0

[Event "2BLN 1920 SF Berlin II - SV Glückauf R"]
[Site "?"]
[Date "2021.08.08"]
[Round "10.4"]
[White "Ahlander, Bjorn"]
[Black "Dudzinski, Piotr"]
[Result "1-0"]
[WhiteElo "2408"]
[BlackElo "2329"]
[PlyCount "115"]
[EventDate "2021.??.??"]

1. d4 d5 2. c4 e6 3. Nc3 Nf6 4. Nf3 Be7 5. Bf4 O-O 6. e3 a6 7. cxd5 exd5 8. Bd3
c6 9. h3 Nbd7 10. O-O Re8 11. Bh2 c5 12. dxc5 Nxc5 13. Rc1 b5 14. Nd4 Bb7 15.
a3 Qb6 16. Bb1 Nce4 17. Nxe4 Nxe4 18. Bc7 Qf6 19. Bxe4 dxe4 20. Qg4 Qg5 21.
Qxg5 Bxg5 22. Nf5 Bd5 23. Rfd1 Bb3 24. Rd2 Bf6 25. Bb6 g6 26. Bd4 gxf5 27. Bxf6
Bc4 28. Rd7 Re6 29. Bc3 h5 30. Rcd1 Rc6 31. Kh2 Kh7 32. R1d6 Rxd6 33. Rxd6 Be6
34. Rb6 Kh6 35. h4 Kh7 36. Be5 Bc4 37. Bb8 a5 38. Kg3 Be6 39. Kf4 Kg6 40. Rxb5
a4 41. Rb6 Ra5 42. Be5 Ra8 43. Bc3 Kh7 44. Rd6 Rg8 45. g3 Ra8 46. Kg5 Rg8+ 47.
Kf6 Ra8 48. Rb6 Kh6 49. Be5 Kh7 50. Rb8 Rxb8 51. Bxb8 Kh6 52. Bf4+ Kh7 53. Kg5
Bd7 54. Be5 Be6 55. Kxh5 Kg8 56. Kg5 Kh7 57. b4 axb3 58. a4 1-0

[Event "2BLN 1920 SF Berlin II - SV Glückauf R"]
[Site "?"]
[Date "2021.08.08"]
[Round "10.5"]
[White "Sroczynski, Maciej"]
[Black "Florstedt, Johannes"]
[Result "0-1"]
[WhiteElo "2278"]
[BlackElo "2329"]
[PlyCount "110"]
[EventDate "2021.??.??"]

1. d4 Nf6 2. c4 g6 3. g3 c6 4. Nf3 Bg7 5. Bg2 O-O 6. O-O d5 7. cxd5 cxd5 8. Nc3
Ne4 9. Nxe4 dxe4 10. Ne5 Qd5 11. f3 Bf5 12. g4 exf3 13. exf3 Bc2 14. Qxc2 Qxd4+
15. Kh1 Qxe5 16. f4 Qb5 17. Qb3 Qxb3 18. axb3 Nc6 19. Bxc6 bxc6 20. Ra6 c5 21.
Be3 Bd4 22. Re1 Rfd8 23. Kg1 Rd7 24. Bxd4 cxd4 25. Rd1 d3 26. Kf2 Rb8 27. Ra3
Rb6 28. Rd2 f6 29. Ke3 Re6+ 30. Kf3 Kf7 31. b4 Red6 32. Ke3 Ke6 33. b5 f5 34.
g5 Rd4 35. Ra6+ Kf7 36. Ra3 Re4+ 37. Kf3 Rdd4 38. Rxa7 Rxf4+ 39. Ke3 Rfe4+ 40.
Kf3 Rf4+ 41. Ke3 Rfe4+ 42. Kf3 Re6 43. Ra3 Rb6 44. Rdxd3 Rxd3+ 45. Rxd3 Rxb5
46. b3 e5 47. Rd7+ Ke6 48. Rxh7 Rxb3+ 49. Kf2 f4 50. h4 e4 51. h5 Rb2+ 52. Kf1
f3 53. Rh8 gxh5 54. g6 Kf6 55. Re8 Re2 0-1

[Event "2BLN 1920 SF Berlin II - SV Glückauf R"]
[Site "?"]
[Date "2021.08.08"]
[Round "10.6"]
[White "Lundin, Jan"]
[Black "Szyszylo, Rafal"]
[Result "1/2-1/2"]
[WhiteElo "2164"]
[BlackElo "2179"]
[PlyCount "83"]
[EventDate "2021.??.??"]

1. d4 d6 2. Nc3 g6 3. e4 Bg7 4. Nf3 Nf6 5. h3 O-O 6. Be3 c6 7. Qd2 b5 8. a3 Bb7
9. Bh6 e5 10. Bxg7 Kxg7 11. dxe5 dxe5 12. Qe3 Qe7 13. Bd3 Nbd7 14. O-O Rfe8 15.
a4 b4 16. Ne2 Nc5 17. Ng3 Nxd3 18. cxd3 Nd7 19. Rfc1 c5 20. Nh2 h6 21. Nf3 Rac8
22. Nd2 Ba6 23. a5 Nf8 24. Nc4 Rcd8 25. Ne2 Bxc4 26. Rxc4 Ne6 27. Nc1 Rd4 28.
a6 Red8 29. Ra5 Rxc4 30. dxc4 Rd4 31. Rb5 Qd6 32. Kh2 Qxa6 33. Nb3 Rxc4 34. Ra5
Qb6 35. Qe2 Rd4 36. Ra6 Qb7 37. Nxd4 Nxd4 38. Qc4 Qxe4 39. Qxc5 Qf4+ 40. Kg1
Ne2+ 41. Kh1 Qe4 42. Kh2 1/2-1/2

[Event "2BLN 1920 SF Berlin II - SV Glückauf R"]
[Site "?"]
[Date "2021.08.08"]
[Round "10.7"]
[White "Wlodarczyk, Oskar"]
[Black "Nogly, Christoph"]
[Result "1/2-1/2"]
[WhiteElo "2227"]
[BlackElo "2274"]
[PlyCount "57"]
[EventDate "2021.??.??"]

1. e4 e5 2. Nf3 Nc6 3. Bb5 Nf6 4. d3 Bc5 5. c3 O-O 6. O-O d6 7. Nbd2 Bb6 8. Nc4
Ne7 9. Ba4 Ng6 10. Bc2 c6 11. Nxb6 axb6 12. h3 Re8 13. Nh2 d5 14. Qf3 h6 15.
Be3 b5 16. Kh1 Be6 17. a3 Nh4 18. Qd1 Qc8 19. Rg1 Rd8 20. g3 Ng6 21. Qf3 Nh7
22. h4 c5 23. Qe2 Ra6 24. f4 dxe4 25. dxe4 Bc4 26. Qf2 Rad6 27. h5 Ngf8 28.
fxe5 R6d7 29. Nf3 1/2-1/2

[Event "2BLN 1920 SF Berlin II - SV Glückauf R"]
[Site "?"]
[Date "2021.08.08"]
[Round "10.8"]
[White "Noetzel, Felix"]
[Black "Dudzinski, Pawel"]
[Result "1/2-1/2"]
[WhiteElo "2263"]
[BlackElo "2201"]
[PlyCount "53"]
[EventDate "2021.??.??"]

1. c4 e5 2. Nc3 c5 3. g3 Nc6 4. Bg2 g6 5. e3 Bg7 6. Nge2 Nge7 7. O-O O-O 8. d3
Rb8 9. Bd2 a6 10. a4 d6 11. Nd5 Nxd5 12. cxd5 Nb4 13. Bxb4 cxb4 14. d4 exd4 15.
Nxd4 a5 16. Rc1 Qb6 17. b3 Bxd4 18. exd4 Bd7 19. Qd2 Kg7 20. h4 h5 21. Bf3 Rfc8
22. Bxh5 Rxc1 23. Rxc1 gxh5 24. Qg5+ Kf8 25. Qh6+ Kg8 26. Qg5+ Kf8 27. Qh6+
1/2-1/2

[Event "2BLN 1920 SK Zehlendorf - FC St. Pauli"]
[Site "?"]
[Date "2021.08.08"]
[Round "10.1"]
[White "Krause, Benedict"]
[Black "Sawlin, Leonid"]
[Result "1/2-1/2"]
[WhiteElo "2425"]
[BlackElo "2385"]
[PlyCount "129"]
[EventDate "2021.??.??"]

1. e4 e6 2. d4 d5 3. Nc3 Nf6 4. e5 Nfd7 5. f4 c5 6. Nf3 Nc6 7. Be3 a6 8. Qd2 b5
9. dxc5 Bxc5 10. Bd3 Qb6 11. Bf2 h6 12. a3 Ra7 13. O-O Rc7 14. Rae1 b4 15. Na4
Bxf2+ 16. Rxf2 Qa5 17. b3 Nc5 18. Nxc5 Qxc5 19. a4 O-O 20. g4 f6 21. Kg2 Rcf7
22. Ref1 d4 23. Bg6 Rd7 24. Be4 fxe5 25. Nxe5 Nxe5 26. fxe5 Rxf2+ 27. Qxf2 Bb7
28. Qf3 Bxe4 29. Qxe4 Rd5 30. Qg6 Qe7 31. Re1 Qd7 32. Qe4 a5 33. Re2 Qc7 34. h4
d3 35. cxd3 Qc3 36. Qg6 Rxe5 37. Rxe5 Qxe5 38. Qe4 Qb2+ 39. Kg3 Qxb3 40. Qa8+
Kf7 41. Qb7+ Kf6 42. Qf3+ Ke7 43. Qb7+ Kd6 44. Qb6+ Kd5 45. Qxa5+ Kd4 46. Qb6+
Kxd3 47. a5 Ke2+ 48. Kh2 Qc2 49. Kg3 Qd3+ 50. Kh2 Qd2 51. Kg3 Qc3+ 52. Kg2 Qf3+
53. Kh2 Qf4+ 54. Kh3 Qe3+ 55. Qxe3+ Kxe3 56. a6 b3 57. a7 b2 58. a8=Q b1=Q 59.
Qa7+ Ke4 60. Qxg7 Qf1+ 61. Kg3 Qf4+ 62. Kg2 Qd2+ 63. Kg3 Qf4+ 64. Kg2 Qd2+ 65.
Kg3 1/2-1/2

[Event "2BLN 1920 SK Zehlendorf - FC St. Pauli"]
[Site "?"]
[Date "2021.08.08"]
[Round "10.2"]
[White "Lagunow, Raphael"]
[Black "Feuerstack, Aljoscha"]
[Result "1/2-1/2"]
[WhiteElo "2378"]
[BlackElo "2473"]
[PlyCount "124"]
[EventDate "2021.??.??"]

1. f4 d5 2. Nf3 Nf6 3. e3 Bg4 4. h3 Bxf3 5. Qxf3 Nc6 6. Bb5 Qd6 7. O-O e6 8. d3
Be7 9. a3 O-O 10. Nc3 e5 11. Bxc6 bxc6 12. e4 dxe4 13. dxe4 exf4 14. Bxf4 Qc5+
15. Kh1 Qb6 16. b3 Rae8 17. Rfd1 Rd8 18. e5 Rxd1+ 19. Rxd1 Nd5 20. Nxd5 cxd5
21. Qxd5 Bxa3 22. Rd3 Qf2 23. Bg3 Qxc2 24. Kh2 Bc5 25. Rf3 Qc1 26. Bf2 Bxf2 27.
Rxf2 Qh6 28. Rc2 Qf4+ 29. Kh1 Qf1+ 30. Kh2 Qf4+ 31. Kh1 h6 32. Rxc7 Qf1+ 33.
Kh2 Qf4+ 34. Kh1 Re8 35. Rxa7 Qf1+ 36. Kh2 Qf4+ 37. Kh1 Rxe5 38. Ra8+ Kh7 39.
Qd3+ f5 40. Ra1 Re3 41. Rf1 Rxd3 42. Rxf4 Kg6 43. Rb4 Kh5 44. Rb5 g6 45. Kh2
Kg5 46. Rb6 f4 47. b4 Rd2 48. Kg1 Rb2 49. Kf1 Kh5 50. Kg1 g5 51. Kf1 Kh4 52.
Rxh6+ Kg3 53. Rh5 g4 54. Rg5 Rf2+ 55. Ke1 Rxg2 56. Rxg4+ Kf3 57. b5 Re2+ 58.
Kd1 Rb2 59. Rg5 Ke3 60. Kc1 Rb4 61. Kc2 f3 62. Re5+ Kf4 1/2-1/2

[Event "2BLN 1920 SK Zehlendorf - FC St. Pauli"]
[Site "?"]
[Date "2021.08.08"]
[Round "10.3"]
[White "Sawatzki, Frank"]
[Black "Malek, Daniel"]
[Result "1/2-1/2"]
[WhiteElo "2392"]
[BlackElo "2348"]
[PlyCount "83"]
[EventDate "2021.??.??"]

1. e4 c6 2. d4 d5 3. e5 Bf5 4. h4 h6 5. g4 Be4 6. f3 Bh7 7. e6 Qd6 8. exf7+
Kxf7 9. Bd3 Nd7 10. Ne2 e5 11. Nbc3 Re8 12. Bxh7 Rxh7 13. Be3 Ngf6 14. Qd3 exd4
15. Bxd4 Ne5 16. Bxe5 Qxe5 17. O-O-O Bc5 18. Kb1 Qe3 19. h5 Qxd3 20. Rxd3 Rhh8
21. Nf4 Re3 22. Na4 Rxd3 23. Nxd3 Be3 24. Nac5 Bxc5 25. Nxc5 b6 26. Nd3 Re8 27.
Kc1 c5 28. Kd2 d4 29. Nf4 Re3 30. Rf1 Nd7 31. Ng2 Re8 32. b3 Ne5 33. Nf4 Ke7
34. Ke2 Kd6 35. Kf2 b5 36. Rd1 Nc6 37. c3 a5 38. Ne2 Kd5 39. Nf4+ Kd6 40. Ne2
Kd5 41. Nf4+ Kd6 42. Ne2 1/2-1/2

[Event "2BLN 1920 SK Zehlendorf - FC St. Pauli"]
[Site "?"]
[Date "2021.08.08"]
[Round "10.4"]
[White "Meister, Jakob"]
[Black "Ertan, Can"]
[Result "1/2-1/2"]
[WhiteElo "2416"]
[BlackElo "2389"]
[PlyCount "51"]
[EventDate "2021.??.??"]

1. e4 e5 2. d4 exd4 3. Nf3 d5 4. Qxd4 Nf6 5. Nc3 Nc6 6. Bb5 Bd7 7. Bxc6 Bxc6 8.
Ne5 Be7 9. Nxc6 bxc6 10. Qa4 O-O 11. Qxc6 Bb4 12. O-O Bxc3 13. Qxc3 Nxe4 14.
Qd3 c6 15. Be3 Qa5 16. c4 Nc5 17. Bxc5 Qxc5 18. cxd5 cxd5 19. Rfd1 Rfd8 20.
Rac1 Qb6 21. Qd4 Qb7 22. Rc5 Rac8 23. Ra5 Rd7 24. g3 h6 25. b3 Rc2 26. Rxd5
1/2-1/2

[Event "2BLN 1920 SK Zehlendorf - FC St. Pauli"]
[Site "?"]
[Date "2021.08.08"]
[Round "10.5"]
[White "Krause, Jonah"]
[Black "Lagunow, Alexander"]
[Result "1/2-1/2"]
[WhiteElo "2348"]
[BlackElo "2372"]
[PlyCount "92"]
[EventDate "2021.??.??"]

1. d4 Nf6 2. c4 e6 3. Nf3 d5 4. Nc3 Be7 5. Bf4 O-O 6. e3 c5 7. dxc5 Bxc5 8. a3
Nc6 9. Qc2 Qa5 10. Rd1 Be7 11. Be2 dxc4 12. Bxc4 Nh5 13. O-O Nxf4 14. exf4 Rd8
15. Rxd8+ Qxd8 16. Rd1 Qc7 17. f5 Ne5 18. Nxe5 Qxe5 19. Qd2 h6 20. fxe6 Bxe6
21. Re1 Bg5 22. Qd1 Qf5 23. Bxe6 fxe6 24. Qb3 Qf7 25. Ne4 Rf8 26. g3 b6 27. Kg2
Be7 28. Re3 Bc5 29. Rf3 Qxf3+ 30. Qxf3 Rxf3 31. Kxf3 Bd4 32. b3 Kf8 33. Ke2 b5
34. Kd3 Bb2 35. a4 bxa4 36. bxa4 Ke7 37. Kc4 Kd7 38. Kb5 Bd4 39. f3 Kc7 40. g4
Be3 41. h4 Bf4 42. h5 Be3 43. Kc4 Kc6 44. Nc3 a6 45. Nd1 Bg1 46. Nb2 Bf2
1/2-1/2

[Event "2BLN 1920 SK Zehlendorf - FC St. Pauli"]
[Site "?"]
[Date "2021.08.08"]
[Round "10.6"]
[White "Brustkern, Juergen"]
[Black "Voigt, Martin"]
[Result "0-1"]
[WhiteElo "2231"]
[BlackElo "2289"]
[PlyCount "124"]
[EventDate "2021.??.??"]

1. f4 d5 2. Nf3 Nf6 3. e3 Bg4 4. h3 Bxf3 5. Qxf3 Nc6 6. Bb5 Qd6 7. O-O e6 8. d3
Be7 9. a3 O-O 10. Nc3 e5 11. Bxc6 bxc6 12. e4 dxe4 13. dxe4 exf4 14. Bxf4 Qc5+
15. Kh1 Qb6 16. b3 Rae8 17. Rad1 Rd8 18. e5 Rxd1 19. Rxd1 Nd5 20. Nxd5 cxd5 21.
Qxd5 Bxa3 22. Rd3 Qf2 23. Bg3 Qxc2 24. Kh2 Bc5 25. Rf3 Qc1 26. Bf2 Bxf2 27.
Rxf2 Qh6 28. Rc2 Qf4+ 29. Kh1 Qf1+ 30. Kh2 Qf4+ 31. Kh1 h6 32. Rxc7 Qf1+ 33.
Kh2 Qf4+ 34. Kh1 Re8 35. Rxa7 Qf1+ 36. Kh2 Qf4+ 37. Kh1 Rxe5 38. Ra8+ Kh7 39.
Qd3+ f5 40. Ra1 Re3 41. Rf1 Rxd3 42. Rxf4 Kg6 43. Rb4 Kh5 44. Rb5 g6 45. Kh2
Kg5 46. Rb6 f4 47. b4 Rd2 48. Kg1 Rb2 49. Kf1 Kh5 50. Kg1 g5 51. Kf1 Kh4 52.
Rxh6+ Kg3 53. Rh5 g4 54. Rg5 Rf2+ 55. Ke1 Rxg2 56. Rxg4+ Kf3 57. b5 Re2+ 58.
Kd1 Rb2 59. Rg5 Ke3 60. Kc1 Rb4 61. Kc2 f3 62. Re5+ Kf4 0-1

[Event "2BLN 1920 SK Zehlendorf - FC St. Pauli"]
[Site "?"]
[Date "2021.08.08"]
[Round "10.7"]
[White "Jahncke, Giso"]
[Black "Bede, Maxime"]
[Result "1-0"]
[WhiteElo "2306"]
[BlackElo "1660"]
[PlyCount "65"]
[EventDate "2021.??.??"]

1. Nf3 d5 2. c4 e6 3. g3 Bd6 4. Bg2 Nf6 5. O-O O-O 6. d4 b6 7. cxd5 exd5 8. Nc3
Bb7 9. Ne5 Bxe5 10. dxe5 Ne4 11. Nxe4 dxe4 12. Qc2 Qd5 13. Bf4 Na6 14. Rfd1 Qc5
15. Bxe4 Qxc2 16. Bxc2 Rad8 17. a3 Nc5 18. Be3 Ne6 19. f4 c5 20. Rac1 Rxd1+ 21.
Rxd1 Rd8 22. Rxd8+ Nxd8 23. Bd2 Nc6 24. Kf2 Kf8 25. g4 g6 26. Bd3 Bc8 27. Kg3
Ke7 28. Bc3 Nd4 29. Bxd4 cxd4 30. f5 gxf5 31. gxf5 Kf8 32. f6 Bd7 33. Bxh7 1-0

[Event "2BLN 1920 SK Zehlendorf - FC St. Pauli"]
[Site "?"]
[Date "2021.08.08"]
[Round "10.8"]
[White "Morczynski, Joachim"]
[Black "Stenner, Patrick"]
[Result "0-1"]
[WhiteElo "1754"]
[BlackElo "2261"]
[PlyCount "112"]
[EventDate "2021.??.??"]

1. e4 c6 2. d4 d5 3. e5 c5 4. c4 e6 5. Nf3 Nc6 6. Nc3 cxd4 7. Nxd4 Bc5 8. Nxc6
bxc6 9. Qa4 Bd7 10. Be2 Ne7 11. Bg5 Qb6 12. O-O Ng6 13. Qc2 Bd4 14. Na4 Qb8 15.
cxd5 cxd5 16. Nc5 Qc7 17. Rac1 O-O 18. Nd3 Qxc2 19. Rxc2 Bb5 20. Nf4 Bxe2 21.
Rxe2 Nxe5 22. Rd1 Nc6 23. Rc2 Nb4 24. Rcc1 Rfc8 25. Nxd5 Bxf2+ 26. Kxf2 Nxd5
27. Rxc8+ Rxc8 28. Rc1 Rxc1 29. Bxc1 Kf8 30. a4 Ke7 31. Be3 a6 32. Bc5+ Kd7 33.
b4 Kc6 34. Bf8 g6 35. Kf3 f5 36. h3 e5 37. h4 h5 38. Kf2 Nc3 39. Bg7 Kd5 40. a5
Nb5 41. Ke3 Nd4 42. Kd3 e4+ 43. Kd2 Ne6 44. Bf6 Kc4 45. Be7 Nf4 46. g3 Nd5 47.
Bc5 Nxb4 48. Bb6 Nd5 49. Ke2 Kb5 50. Bd8 Kc5 51. Bg5 Kd4 52. Bd8 Nc3+ 53. Kd2
e3+ 54. Ke1 Kd3 55. Bg5 Nd5 56. Bd8 Nb4 0-1

[Event "2BLN 1920 SK König Tegel - Hamburger SK"]
[Site "?"]
[Date "2021.08.08"]
[Round "10.1"]
[White "Souleidis, Georgios"]
[Black "Stern, Rene"]
[Result "0-1"]
[WhiteElo "2428"]
[BlackElo "2517"]
[PlyCount "110"]
[EventDate "2021.??.??"]

1. e4 e5 2. Nf3 Nc6 3. Bb5 a6 4. Ba4 Nf6 5. O-O Be7 6. Re1 b5 7. Bb3 d6 8. c3
O-O 9. d4 Bg4 10. d5 Na5 11. Bc2 c5 12. b3 Ne8 13. Nbd2 g6 14. h3 Bd7 15. Nf1
Ng7 16. Bh6 Nb7 17. Qd2 Qc8 18. Ng3 f6 19. Nh2 Nd8 20. f4 exf4 21. Bxf4 Nf7 22.
Nf3 Ne5 23. Bxe5 dxe5 24. Rf1 Ne8 25. h4 Nd6 26. h5 Kg7 27. Qe2 c4 28. b4 Bd8
29. Kh1 Bb6 30. Qd2 Qd8 31. a4 a5 32. bxa5 Rxa5 33. axb5 Qa8 34. Rac1 Ra2 35.
Nxe5 fxe5 36. Qg5 Rxf1+ 37. Rxf1 Qd8 38. Qxe5+ Kg8 39. Qf4 Rxc2 40. hxg6 hxg6
41. Qh6 Qe7 42. Qxg6+ Qg7 43. Qxg7+ Kxg7 44. e5 Bf2 45. Nh5+ Kg6 46. Nf6 Bxb5
47. g4 Nf7 48. Ne4 Nxe5 49. Nxf2 Bd7 50. d6 Bc6+ 51. Kh2 Nxg4+ 52. Kg3 Nxf2 53.
Rxf2 Rxf2 54. Kxf2 Kf5 55. Ke3 Ke5 0-1